Statistics for Most Billboard Hot 100 Hits (All Genres)

Click here to take the quiz!

General Stats

  • This quiz has been taken 35 times
  • The average score is 5 of 16

Answer Stats

#1 HitsArtist% Correct
71The Beatles
86%
108Elvis Presley
62%
68Justin Bieber
62%
60`Rihanna
48%
157Drake
41%
96Jay-Z
34%
70Taylor Swift
34%
67Elton John
31%
81Kanye West
28%
79Nicki Minaj
24%
136Lil Wayne
17%
63Stevie Wonder
17%
73Aretha Franklin
14%
84Chris Brown
10%
91James Brown
7%
75Ray Charles
3%

Score Distribution

Percentile by Number Answered

Percent of People with Each Score

Your Score History

You have not taken this quiz